000 01140nam a2200253 a 4500
001 13850456
008 161031s2005 ||||||||||||||||| || u
010 _a2005002246
020 _a1565491963
050 _aHD 6940.7 Dev
100 _aLeather, Alan
245 1 0 _aDevelopment NGOs and labor unions: terms of engagement
_cEdited by Deborah Eade and Alan Leather.
260 _aBloomfield
_bKumarian Press
_c2005
300 _axxiv, 406p.
500 _aIncludes bibliographical references and index.
650 0 _aECONOMIC DEVELOPMENT
650 0 _aNon-governmental organizations - Developing countries
650 0 _aDeveloping countries - Economic conditions
650 0 _aLabor unions - Developing countries
700 _aEade, Deborah
856 _uhttp://www.loc.gov/catdir/toc/ecip057/2005002246.html
995 _aMAIN LIBRARY OPEN ACCESS
_e747001
_FCBU-MAIN LIBRARY (Kitwe)
_jHD 6940.7 Dev
_M1
_UAVAILABLE
_WOct 31, 2016
_y747001
_ZMain Library Open Access Collection
995 _aMAIN LIBRARY OPEN ACCESS
_e746951
_FCBU-MAIN LIBRARY (Kitwe)
_jHD 6940.7 Dev
_M2
_UAVAILABLE
_WOct 31, 2016
_y746951
_ZMain Library Open Access Collection
999 _c63501
_d63501